Guess the Fusion Rock Song Lyrics #153 - Statistics

General Stats
  • This quiz has been taken 10 times
  • The average score is 114 of 198
Answer Stats
Answer % Correct
I
100%
me
100%
I'm
89%
Im
89%
you
89%
all
78%
give
78%
I'll
78%
In
78%
is
78%
know
78%
no
78%
of
78%
one
78%
there
78%
this
78%
with
78%
your
78%
Come
67%
don't
67%
not
67%
Now
67%
oh
56%
show
56%
again
44%
born
44%
there's
44%
was
44%
find
33%
need
33%
within
33%
Woman
33%
arms
22%
Billy Preston & Syreeta
22%
bring
22%
safe
22%
sweetness
22%
through
22%
Comfort
11%
kindness
11%
Lying
11%
madness
11%
step
11%
whole
11%
world
11%
half
0%
none
0%
Reaching
0%
softness
0%
weakness
0%
No matching quizzes found
Score Distribution
Percent of People with Each Score
Percentile by Number Answered
Your Score History
You have not taken this quiz